000 00394nam a22001337a 4500
008 160816b xxu||||| |||| 00| 0 eng d
050 _aB317.V244
245 _aSocrates in a Nutshell
_cRobert Van de Weyer ed.
260 _aLondon
_bHodder and Stoughton
_c1997
300 _a95p. ;
_c18cm.
440 _aPhilosophers of the spirit
_925109
650 _aSocrates
_925110
942 _2lcc
_cMONOGRAPH
999 _c125026
_d125026